| 000 | 00801nam a22002417a 4500 | ||
|---|---|---|---|
| 003 | 0 | ||
| 005 | 20251009134621.0 | ||
| 008 | 251009b xxu||||| |||| 00| 0 eng d | ||
| 020 | _a978-1-4737-9130-5 | ||
| 050 |
_aBF 637.H4 _b.E33 2024 |
||
| 100 |
_aEgan, Gerard, _eauthor. |
||
| 245 |
_aThe Skilled helper : _ba client-centred approach / _cGerard Egan and Robert J. Reese. |
||
| 250 | _aFourth EMEA edition. | ||
| 260 |
_aHampshire, United Kingdom : _bCengage Learning, EMEA , _c2024. |
||
| 300 |
_axv, 407 pages ; _c25 cm. |
||
| 504 | _aIncludes bibliographical references and index. | ||
| 650 | _aHelping behavior. | ||
| 650 |
_aCounseling _xMethodology. |
||
| 650 | _aClient-centered psychotherapy. | ||
| 650 | _aHelping skills. | ||
| 700 |
_aReese, Robert J., _eauthor. |
||
| 942 |
_2lcc _cBK |
||
| 999 |
_c368202 _d368202 |
||